| 000 | 00517cam a2200193ua 4500 | ||
|---|---|---|---|
| 020 | _c2.50 | ||
| 041 |
_aeng _h |
||
| 082 |
_a954 _bKMP/GE |
||
| 100 | _aPanikkar, K.M . | ||
| 245 |
_aGeographical factors in Indian History / _cK.M.Panikkar. _hTextual Documents |
||
| 260 |
_aMumbai : _bBharatiya Vidya Bhavan , _c1959. |
||
| 300 | _a128 ; . | ||
| 365 | _a2.50 | ||
| 440 | 0 |
_aBhavan`s book University, _v _x; |
|
| 490 | 0 |
_aBhavan`s book University, _v _x; |
|
| 504 | _a | ||
| 942 | _cBK | ||
| 999 |
_c734 _d734 |
||